000 01176nam a22002295i 4500
001 157577
003 ES-MaACL
005 20230906210731.0
008 961111s1867 sp |||| | spa d
080 _a34(460.15)
100 1 _aLersundi Ormaechea, Francisco (
_d1817-1874)
_9128900
245 1 0 _aDiscurso y rectificaciones pronunciados por el... teniente general Don Francisco Lersundi, en las sesiones del Senado del 28 y 29 de mayo de 1867, en defensa de los fueros de las provincias vascongadas.
260 _aMadrid :
_b[s.n.],
_c1867 (
_fImp. de Gasset, Loma y Compañía, a cargo de Diego Valero)
300 _a53 p. ;
_c22 cm.
530 _aDisponible en formato digital.
597 _aSignaturizado.
650 4 _aFueros-
_zPaís Vasco.
_912994
852 4 _aES-MaACL
_jT-67-F-10
_z- Enc. hol., falto de cub. original
_z- Enc. en un vol. facticio
852 4 _aES-MaACL
_jT-68-F-8
_z- Enc. hol., falto de cub. original
_z- Enc. en un vol. facticio
852 4 _aES-MaACL
_jT-76-F-6
_z- Enc. hol., falto de cub. original
_z- Enc. en un vol. facticio
856 4 _uhttp://www.liburuklik.euskadi.eus/handle/10771/25455
_zBiblioteca Digital Vasca
999 _c157577
_d157577